Gaming Quiz

Random Gaming or Nintendo Quiz

Eternal Darkness Grab Bag Quiz Stats

Quiz not verified by Sporcle

Also try: Pokémon (Gen VI)
Challenge
Share
Tweet
Embed
Score 0/74 Timer 12:00
1 Play Today
Answer % Correct
Alexandra Roivas
92.3%
Mantorok
90.4%
Pious Augustus
88.5%
Pargon
86.5%
Dr. Maximillian Roivas
84.6%
Zombie
84.6%
Paul Luther
80.8%
Dr. Edward Roivas
80.8%
Trapper
80.8%
Anthony
78.8%
Michael Edwards
78.8%
Xel'lotath
78.8%
Ulyaoth
78.8%
Gladius
78.8%
Karim
76.9%
Dr. Edwin Lindsey
76.9%
Horror
73.1%
Ellia
71.2%
Chattur'gha
71.2%
Roberto Bianchi
69.2%
Peter Jacob
67.3%
Shotgun
67.3%
Guardian
65.4%
Pistol
65.4%
Bonethief
63.5%
Sabre
61.5%
Crossbow
61.5%
Revolver
61.5%
Elephant Gun
61.5%
Mace
59.6%
Tier
55.8%
Fire Ax
55.8%
Blowgun
55.8%
Santak
53.8%
Redgormor
53.8%
Flintlock Pistol
53.8%
Enchanted Gladius
50%
Answer % Correct
Ram Dao
48.1%
A War to End all Wars
44.2%
Rifle
44.2%
Heresy!
42.3%
Short Sword
42.3%
Bankorok
40.4%
Two-edged Sword
40.4%
Torch
38.5%
Aretak
36.5%
Black Guardian
36.5%
Assault Rifle
34.6%
Kukri
32.7%
The Gift of Forever
30.8%
Ashes to Ashes
30.8%
Vampire
30.8%
Tulwar
30.8%
Chakrams
30.8%
The Binding of the Corpse God
28.8%
Antorbok
28.8%
Narokath
28.8%
Nethlek
28.8%
The Chosen One
26.9%
Saif
26.9%
The Lurking Horror
23.1%
Gatekeeper
23.1%
Worm
23.1%
Scramasax
23.1%
The Forbidden City
21.2%
Magormor
21.2%
A Legacy of Darkness
19.2%
Dual Flintlock Pistols
19.2%
Suspicions of Conspiracy
17.3%
Flash Pan
17.3%
A Journey Into Darkness
13.5%
Double Tulwars
11.5%
Gateway to Destiny
9.6%
Automatic Pistol
9.6%

You're not logged in!

Compare scores with friends on all Sporcle quizzes.
Join for Free
OR
Log In

You Might Also Like...

Show Comments

Extras

Top Quizzes Today


Score Distribution

Your Account Isn't Verified!

In order to create a playlist on Sporcle, you need to verify the email address you used during registration. Go to your Sporcle Settings to finish the process.

Report this User

Report this user for behavior that violates our Community Guidelines.

Details: